| 000 | 01506cam a2200349 i 4500 | ||
|---|---|---|---|
| 999 |
_c1353 _d1353 |
||
| 001 | 17135085 | ||
| 003 | OSt | ||
| 005 | 20221228152456.0 | ||
| 008 | 120124s2012 nyu j 001 0 eng c | ||
| 010 | _a 2012003080 | ||
| 020 | _a9780778775959 (paperback : alkaline paper) | ||
| 040 |
_aICU/DLC _beng _cICU _erda _dDLC _dKH8 |
||
| 042 | _apcc | ||
| 043 | _ae-ru--- | ||
| 082 | 0 | 0 |
_a394.26947 ALO _223 |
| 100 | 1 |
_aAloian, Molly. _eauthor |
|
| 245 | 1 | 0 |
_aCultural traditions in Russia / _cMolly Aloian. |
| 264 | 1 |
_aNew York, New York : _bCrabtree Publishing Company, _c[2012] |
|
| 300 |
_a32 p. : _bcolor illustrations ; _c29 cm. |
||
| 336 |
_atext _2rdacontent |
||
| 337 |
_aunmediated _2rdamedia |
||
| 338 |
_avolume _2rdacarrier |
||
| 490 | 0 | _aCultural traditions in my world | |
| 500 | _aIncludes index. | ||
| 505 | 0 | _aWelcome to Russia -- Happy New Year! -- Christmas in Russia -- Protector of the Motherland Day -- Maslenitsa -- Women's Day -- Easter -- Cosmonautics Day -- Radio Day -- Victory Day -- Russia -- Ivan Kupala -- Unity Day -- Other holidays. | |
| 650 | 0 |
_aHolidays _zRussia (Federation) _vJuvenile literature. |
|
| 650 | 0 |
_aFestivals _zRussia (Federation) _vJuvenile literature. |
|
| 651 | 0 |
_aRussia (Federation) _xSocial life and customs _vJuvenile literature. |
|
| 906 |
_a7 _bcbc _corignew _d1 _eecip _f20 _gy-gencatlg |
||
| 942 |
_2ddc _cNFIC |
||